00733nam a2200241Ia 4500008004100000020001800041050001400059050001400073100003200087245001300119245004000132245003100172260001700203260002500220260000900245300001600254300002000270300001100290500004100301650001100342999001900353952011900372160303s9999 xx 000 0 und d a971-0391-10-0 aFIL BC 59 b.A78 2006 aArticulo, Archimedes Carag. aLogic :  bthe practice of critical thinking / cArchimedes Carag Articulo. aQuezon City: bGreat Books Trading, c2006 a162 pages : billustrations ; c22 cm. aIncludes bibliographical references. aLogic. c291155d291155 001040aSMCbSMCcFILd2008-01-10g350.00l0oFIL BC 59 .A78 2006pSMC04099r2016-03-03 00:00:00w2016-03-03yBK